Voice in Literature / (Record no. 588624)
[ view plain ]
| 000 -LEADER | |
|---|---|
| fixed length control field | 00368nam a22001337a 4500 |
| 020 ## - INTERNATIONAL STANDARD BOOK NUMBER | |
| International Standard Book Number | 0838422837 |
| 082 ## - DEWEY DECIMAL CLASSIFICATION NUMBER | |
| Classification number | 428.24 |
| Author Mark | MCC |
| 100 ## - MAIN ENTRY--PERSONAL NAME | |
| Personal name | McCloskey, Mary Lou |
| 245 ## - TITLE STATEMENT | |
| Title | Voice in Literature / |
| Statement of responsibility, etc. | Mary Lou McCloskey and Stack, Lydia |
| 260 ## - PUBLICATION, DISTRIBUTION, ETC. | |
| Place of publication, distribution, etc. | Boston : |
| Name of publisher, distributor, etc. | Heinle & Heinle Publishers, |
| Date of publication, distribution, etc. | 1996. |
| 300 ## - PHYSICAL DESCRIPTION | |
| Extent | 200p. ; |
| Dimensions | 24 cm. |
| 563 ## - BINDING INFORMATION | |
| Binding note | HBK. |
| 942 ## - ADDED ENTRY ELEMENTS (KOHA) | |
| Source of classification or shelving scheme | |
| Koha item type | Book |
| Withdrawn status | Lost status | Source of classification or shelving scheme | Damaged status | Not for loan | Permanent Location | Current Location | Date acquired | Source of acquisition | Total Checkouts | Full call number | Barcode | Date last seen | Price effective from | Koha item type |
|---|---|---|---|---|---|---|---|---|---|---|---|---|---|---|
| Central Library (CL) | Central Library (CL) | 03/07/2022 | Donated by Student Affairs NUST | 428.24 MCC | CL-D-1508 | 03/07/2022 | 03/07/2022 | Book |
